Statistics for Hinduisme og buddhisme - Fakta og begreper

Click here to take the quiz!

General Stats

  • This quiz has been taken 123 times
    (80 since last reset)
  • The average score is 12 of 47

Answer Stats

HintAnswer% Correct
Måten ens handlinger får konsekvenser for ens gjenfødelseKarma
91%
Den guden som nest flest hinduer dyrker som den største (avbildes som en vismann, assosieres også med fruktbarhet)Shiva
65%
Gjenfødelsenes (reinkarnasjonenes) kretsløpSamsara
62%
Det buddhister kaller frigjøring fra gjenfødelsenes kretsløpNirvana
59%
Den kosmiske plikten man skal følge, også avhengig av kjønn og klasse/kasteDharma
53%
Ordet som brukes om Buddhas læreDharma
53%
Den guden som flest hinduer dyrker som den største (avbildes som en hersker)Vishnu
53%
I en slags treenighet står Vishnu for opprettholdelse av verden, Shiva for den sykliske ødeleggelsen, mens denne mindre guden står for skapelsenBrahma
47%
Den individuelle sjelen til alt som lever, som blir gjenfødtAtman
44%
Den kjente guden for godt hell med et elefanthode, også sønnen til ShivaGanesha
44%
Den mest mangfoldige (og utbredte) retningen innenfor buddhismen, der man blant annet dyrker bodhisattvaer og himmelske buddhaer (betyr den store vognen)Mahayana
41%
Den mest ortodokse retningen innenfor buddhismen, som ikke har guddommer eller tilsvarendeTheravada
38%
Den åndelige lederen av tibetanerne i dagDen 14. Dalai Lama
35%
En nedstigning, eller menneskelig inkarnasjon av en guddomAvatar
32%
Vishnus avatar fra eposet Bhagavad GitaKrishna
32%
Frigjøring fra gjenfødelsenes kretsløpMoksha
32%
Vishnus avatar fra eposet RamayanaRama
32%
Det Absolutte, den kosmiske substansen og prinsippet, eller verdenssjelenBrahman
26%
Shivas kone, gudinnen av fruktbarhet (en av de viktigste gudinnene)Parvati
26%
Nesten-buddhaer som fungerer som gudelignende figurer for mange buddhister i Kina, Japan og KoreaBodhisattvaer
24%
Ofringsritualet i hinduismenPuja
24%
Det man kaller fellesskapet enten av munker eller alle buddhisterSangha
24%
Grunnleggeren av buddhismenGautama Buddha
21%
Buddhistiske byggverk som skal inneholde relikvier etter BuddhaStupa
21%
De helligste tekstene i hinduismen, som er blant verdens eldste hellige skrifterVedaene
21%
Den populære krigerske versjonen av Shivas koneDurga
18%
Den mest skremmende krigerske versjonen av Shivas koneKali
18%
Vishnus kone, gudinnen av velstandLakshmi
18%
Retningen innen hinduismen som dyrker gudinnenShaktisme
18%
Kanonen av buddhistiske skrifter i theravada (også kalt Pali-kanonen etter språket den er skrevet på)Tripitaka
18%
I buddhismen er det forskjell mellom disse to gruppeneMunker/nonner og lekfolk
15%
Den esoteriske og tantriske buddhismen med mange guder og gudelignende figurer, som er flertallsreligion i Tibet og Mongolia (betyr diamant-vognen)Vajrayana
15%
Hoveddoktrinen i buddhismenDe fire edle sannhetene
12%
Det man kaller sjefsmunkene i tibetansk buddhisme (egentlig tibetansk for guru, lærer)Lama
12%
Spesielle ord og setninger som gjentas under meditasjon, særlig i tibetansk buddhismeMantra
12%
Retningen innen hinduismen som dyrker ShivaShaivisme
12%
En veldig kjent underskole i mahayana-buddhisme fra Japan som vektlegger meditasjonZen
12%
Til sammen blir Buddha, Dharma og Sangha kaltDe tre juveler
9%
Måten å oppnå frigjøring påDen edle åttedelte veien
6%
Det geometriske rituelle symbolet brukt særlig i tibetansk buddhismeMandala
6%
Mahayana-skolen som dyrker den himmelske Amitabha Buddha for å bli gjenfødt i hans himmelRene land
6%
Det buddhistiske skrifter gjerne blir kalt (brukes også om ulike tekster fra det gamle India)Sutraer
6%
Retningen innen hinduismen som dyrker VishnuVaishnavisme
6%
En av de aller største bodhisattvaene, representerer barmhjertighetAvalokiteshvara
3%
Hengiven dyrking av en guddom for å kunne forenes med denne guddommen etter dødenBhakti
3%
Det buddhistiske lekfolk er forventet å følge for å forbedre sin karmaDe fem levereglene
3%
Brahmas kone, gudinnen av kunnskapSaraswati
3%

Score Distribution

Percentile by Number Answered

Percent of People with Each Score

Your Score History

You have not taken this quiz since the last reset